[Event "CZE-chT 2223"]
[Site "Czech Republic"]
[Date "2023.01.07"]
[Round "5.1"]
[White "Vrana, Jan"]
[Black "Horak, Martin"]
[Result "1/2-1/2"]
[WhiteElo "2390"]
[BlackElo "2191"]
[PlyCount "87"]
[EventDate "2022.10.15"]
[EventType "team-tourn"]
[EventRounds "11"]
[EventCountry "CZE"]
[SourceTitle "CBM 213 Extra"]
[Source "ChessBase"]
[SourceDate "2023.05.31"]
[SourceVersion "1"]
[SourceVersionDate "2023.05.31"]
[SourceQuality "1"]
[WhiteTeam "Pardubice"]
[BlackTeam "Unichess"]
[WhiteTeamCountry "CZE"]
[BlackTeamCountry "CZE"]

1. e4 c5 2. c3 d5 3. exd5 Qxd5 4. d4 g6 5. Nf3 Bg7 6. Na3 cxd4 7. Bc4 Qe4+ 8. Be3 Nh6 9. Nb5 0-0 10. cxd4 Nf5 11. Nc7 Nc6 12. Bd3 Nxe3 13. Bxe4 Nxd1 14. Nxa8 Nxb2 15. Rb1 Nxd4 16. Nxd4 Bxd4 17. Nc7 Be5 18. Nd5 Be6 19. 0-0 Rd8 20. Ne3 b5 21. Rfc1 a6 22. Rc2 Nc4 23. Rd1 Rb8 24. Bd5 Nxe3 25. fxe3 Bxd5 26. Rxd5 Bd6 27. Rc6 b4 28. Rd3 Ra8 29. h3 a5 30. Rc2 a4 31. Kf2 Rb8 32. Rb2 Be5 33. Rb1 Bd6 34. Ke2 Rb5 35. Rd2 h5 36. Rc2 Rg5 37. Kd3 Rd5+ 38. Kc4 Rc5+ 39. Kd3 Rd5+ 40. Ke2 Rg5 41. Kf3 Kg7 42. Rc6 Ra5 43. Rb2 f6 44. Ke4 1/2-1/2

[Event "CZE-chT 2122"]
[Site "Czech Republic"]
[Date "2021.10.17"]
[Round "2.6"]
[White "Babula, Vlastimil"]
[Black "Vrana, Jan"]
[Result "1-0"]
[WhiteElo "2562"]
[BlackElo "2409"]
[PlyCount "101"]
[EventDate "2021.10.15"]
[EventType "team-tourn"]
[EventRounds "15"]
[EventCountry "CZE"]
[SourceTitle "CBM 204 Extra"]
[Source "ChessBase"]
[SourceDate "2021.11.30"]
[SourceVersion "1"]
[SourceVersionDate "2021.11.30"]
[SourceQuality "1"]
[WhiteTeam "Novoborsky"]
[BlackTeam "Pardubice"]
[WhiteTeamCountry "CZE"]
[BlackTeamCountry "CZE"]

1. d4 d5 2. Nf3 Nf6 3. c4 dxc4 4. e3 e6 5. Bxc4 c5 6. 0-0 a6 7. Bd3 cxd4 8. exd4 Nc6 9. Nc3 Be7 10. Bg5 0-0 11. Rc1 Nb4 12. Bb1 b5 13. a3 Nbd5 14. Nxd5 Nxd5 15. Qd3 g6 16. Bh6 Re8 17. Ne5 Bb7 18. Qf3 Bf6 19. Be4 Qe7 20. Bxd5 Bxd5 21. Qf4 Rac8 22. Ng4 Bh4 23. g3 f5 24. gxh4 fxg4 25. Qxg4 Qf6 26. Rfe1 Qf5 27. h3 Kf7 28. Qg3 Qf3 29. Kh2 Rc4 30. Rxc4 bxc4 31. Bd2 Re7 32. Qxf3+ Bxf3 33. Kg3 Bd5 34. h5 gxh5 35. Re5 Rb7 36. Bc3 Kg6 37. f4 Rf7 38. Rg5+ Kh6 39. Bb4 Be4 40. Bd6 Bg6 41. Ra5 Bd3 42. Kh4 Kg6 43. Rg5+ Kf6 44. Be5+ Ke7 45. Rg8 Be4 46. Rb8 Bd5 47. Kxh5 Kd7 48. Kh6 Kc6 49. h4 a5 50. a4 Ra7 51. Rb5 1-0

[Event "CZE-ch Betsys Online Blitz"]
[Site "Chess.com INT"]
[Date "2021.04.17"]
[Round "13"]
[White "Vrana, Jan"]
[Black "Jires, Jiri"]
[Result "0-1"]
[WhiteElo "2409"]
[BlackElo "2139"]
[PlyCount "102"]
[EventDate "2021.04.17"]
[EventType "swiss (blitz)"]
[EventRounds "13"]
[EventCountry "CZE"]
[SourceTitle "CBM 201 Extra"]
[Source "ChessBase"]
[SourceDate "2021.05.31"]
[SourceVersion "1"]
[SourceVersionDate "2021.05.31"]
[SourceQuality "1"]

1. e4 e5 2. f4 exf4 3. Nf3 Nf6 4. Nc3 d5 5. e5 Ne4 6. d4 Be7 7. Bxf4 Nxc3 8. bxc3 Nc6 9. Bd3 Bg4 10. 0-0 0-0 11. Qe1 Bh5 12. Qg3 Bg6 13. Bxg6 hxg6 14. Rae1 Qd7 15. Bg5 Nd8 16. Bxe7 Qxe7 17. h4 Ne6 18. Ng5 c5 19. Nxe6 Qxe6 20. h5 gxh5 21. Rf6 Qg4 22. Qxg4 hxg4 23. Rd6 cxd4 24. cxd4 Rfd8 25. Kf2 Kf8 26. Kg3 Rxd6 27. exd6 Rd8 28. Kxg4 Rxd6 29. Re5 f6 30. Re2 Kf7 31. Kf5 g6+ 32. Kf4 Re6 33. Rd2 Re4+ 34. Kf3 Ke6 35. c3 g5 36. Rb2 Rf4+ 37. Ke3 Re4+ 38. Kd3 Rg4 39. Rxb7 Rg3+ 40. Kc2 Rxg2+ 41. Kb3 a5 42. a4 g4 43. c4 Rg3+ 44. Kc2 dxc4 45. Rb5 Rd3 46. Rxa5 Rxd4 47. Ra8 f5 48. Rg8 c3 49. Kxc3 Rxa4 50. Kd3 Re4 51. Rg6+ Kf7 0-1

[Event "CZE-chT1W 1920"]
[Site "Czech Republic"]
[Date "2020.06.14"]
[Round "11.3"]
[White "Sahidi, Samir"]
[Black "Vrana, Jan"]
[Result "0-1"]
[WhiteElo "2374"]
[BlackElo "2363"]
[PlyCount "112"]
[EventDate "2019.10.20"]
[EventType "team-tourn"]
[EventRounds "11"]
[EventCountry "CZE"]
[SourceTitle "EXT 2021"]
[Source "ChessBase"]
[SourceDate "2020.10.23"]
[SourceVersion "1"]
[SourceVersionDate "2020.10.23"]
[SourceQuality "1"]
[WhiteTeam "Praha DP EA Hotels"]
[BlackTeam "Polabiny II"]
[WhiteTeamCountry "CZE"]
[BlackTeamCountry "CZE"]

1. d4 d5 2. c4 dxc4 3. Nc3 Nf6 4. Nf3 e6 5. e3 c5 6. Bxc4 a6 7. 0-0 b5 8. Be2 Bb7 9. dxc5 Bxc5 10. Qxd8+ Kxd8 11. a3 Nbd7 12. b4 Bd6 13. Bb2 Ke7 14. Rfd1 Nb6 15. Nd2 Rac8 16. Rac1 Rc7 17. Na2 Rhc8 18. Rxc7+ Rxc7 19. Rc1 Rxc1+ 20. Nxc1 e5 21. f3 Nfd5 22. Kf2 Na4 23. Ba1 Bc7 24. Bd1 Nac3 25. Bb3 Bb6 26. Nf1 f6 27. Bb2 Na4 28. Bxa4 bxa4 29. Nd3 a5 30. bxa5 Bxa5 31. Ng3 Bb6 32. Nf5+ Kd7 33. Nxg7 Nxe3 34. Kg3 Ba6 35. Nb4 Bc4 36. f4 exf4+ 37. Kxf4 Bc5 38. Nh5 f5 39. Nf6+ Ke6 40. Nxh7 Nxg2+ 41. Kg3 Ne1 42. Ng5+ Kd7 43. Bc3 Nd3 44. Nf3 Bd6+ 45. Kh4 Be7+ 46. Kg3 f4+ 47. Kg4 Be6+ 48. Kh5 Nxb4 49. axb4 a3 50. Kg6 Bd5 51. Ne5+ Ke6 52. Ng4 a2 53. b5 f3 54. Ba1 Bh4 55. Ne3 Be4+ 56. Kh5 Bf6 0-1

[Event "CZE-chT1W 1920"]
[Site "Czech Republic"]
[Date "2019.11.24"]
[Round "3.4"]
[White "Vrana, Jan"]
[Black "Hollan, Martin"]
[Result "1-0"]
[WhiteElo "2363"]
[BlackElo "2403"]
[PlyCount "57"]
[EventDate "2019.10.20"]
[EventType "team-tourn"]
[EventRounds "11"]
[EventCountry "CZE"]
[SourceTitle "CBM 193 Extra"]
[Source "ChessBase"]
[SourceDate "2020.01.31"]
[SourceVersion "1"]
[SourceVersionDate "2020.01.31"]
[SourceQuality "1"]
[WhiteTeam "Polabiny II"]
[BlackTeam "Praha Oaza"]
[WhiteTeamCountry "CZE"]
[BlackTeamCountry "CZE"]

1. e4 c5 2. c3 d5 3. exd5 Qxd5 4. d4 Nc6 5. Nf3 Bg4 6. Be2 cxd4 7. cxd4 e6 8. 0-0 Nf6 9. h3 Bh5 10. Nc3 Qd6 11. Be3 Be7 12. Qb3 0-0 13. Rac1 Qb4 14. Qxb4 Nxb4 15. g4 Bg6 16. Ne5 Nfd5 17. Bf3 Rac8 18. a3 Nxc3 19. axb4 Nd5 20. b5 Bd6 21. Bxd5 exd5 22. Ra1 Ra8 23. Nxg6 hxg6 24. Rfc1 f6 25. Ra5 Rfd8 26. Rca1 Bb8 27. Bd2 Kf7 28. Bb4 Ke6 29. Re1+ 1-0

[Event "CZE-chT1W 1819"]
[Site "Czech Republic"]
[Date "2019.04.07"]
[Round "11.3"]
[White "Vrana, Jan"]
[Black "Docekal, Jan"]
[Result "1/2-1/2"]
[WhiteElo "2346"]
[BlackElo "2254"]
[PlyCount "104"]
[EventDate "2018.10.21"]
[EventType "team-tourn"]
[EventRounds "11"]
[EventCountry "CZE"]
[SourceTitle "CBM 189 Extra"]
[Source "ChessBase"]
[SourceDate "2019.06.03"]
[SourceVersion "1"]
[SourceVersionDate "2019.06.03"]
[SourceQuality "1"]
[WhiteTeam "Polabiny"]
[BlackTeam "Vysehrad"]
[WhiteTeamCountry "CZE"]
[BlackTeamCountry "CZE"]

1. e4 Nf6 2. Nc3 d5 3. e5 Ne4 4. Nce2 d4 5. c3 dxc3 6. bxc3 Nc5 7. d4 Nca6 8. Nf3 g6 9. Ng3 Bg7 10. Bd3 0-0 11. 0-0 c5 12. Rb1 Nc7 13. Be4 Nc6 14. Ba3 cxd4 15. cxd4 Nd5 16. Qb3 Nb6 17. Rfd1 Bd7 18. Bc5 Na5 19. Qb4 Nc8 20. d5 b6 21. Be3 Rb8 22. Bf4 Bg4 23. d6 exd6 24. exd6 Bd7 25. Rbc1 Nb7 26. Bc6 a5 27. Qb1 Na7 28. Bxd7 Qxd7 29. Qxb6 Nb5 30. Qc6 Qxc6 31. Rxc6 Nd8 32. Rc2 Ne6 33. Be5 f6 34. Bb2 Rfd8 35. d7 a4 36. Rc6 Kf7 37. Ne4 a3 38. Bc1 Rb7 39. Rxe6 Rbxd7 40. Rxd7+ Rxd7 41. Neg5+ fxg5 42. Nxg5+ Kg8 43. Kf1 Bb2 44. Bf4 Rd1+ 45. Re1 Rxe1+ 46. Kxe1 Nc3 47. Bd2 Nxa2 48. Kd1 Nb4 49. Bc1 Nd3 50. Bxb2 Nxb2+ 51. Kc2 Nd3 52. Kb3 Nxf2 1/2-1/2

[Event "Pardubice Czech op-E 29th"]
[Site "Pardubice"]
[Date "2018.07.15"]
[Round "6"]
[White "Polak, Tomas"]
[Black "Vrana, Jan"]
[Result "1/2-1/2"]
[WhiteElo "2492"]
[BlackElo "2328"]
[PlyCount "128"]
[EventDate "2018.07.12"]
[EventType "team"]
[EventRounds "7"]
[EventCountry "CZE"]
[SourceTitle "EXT 2019"]
[Source "ChessBase"]
[SourceDate "2018.10.10"]
[SourceVersion "1"]
[SourceVersionDate "2018.10.10"]
[SourceQuality "1"]
[WhiteTeam "Brno Moravska Slavia"]
[BlackTeam "Polabiny"]
[WhiteTeamCountry "CZE"]
[BlackTeamCountry "CZE"]

1. d4 d5 2. c4 dxc4 3. e3 e6 4. Bxc4 Nf6 5. Nc3 c5 6. Nf3 a6 7. a4 Nc6 8. 0-0 Be7 9. d5 exd5 10. Nxd5 Nxd5 11. Bxd5 Nb4 12. Bc4 Qxd1 13. Rxd1 Be6 14. Bxe6 fxe6 15. Bd2 Bf6 16. Bc3 Ke7 17. e4 Bxc3 18. bxc3 Nc6 19. Rab1 Na5 20. Kf1 Rhd8 21. Rxd8 Rxd8 22. Ke2 Kf6 23. g4 h6 24. h4 Rb8 25. e5+ Ke7 26. Nd2 Nc6 27. Ne4 Nxe5 28. Nxc5 Kd6 29. Nxa6 Ra8 30. Rd1+ Ke7 31. Nc5 b6 32. Nd3 Nxd3 33. Kxd3 Rxa4 34. f3 Rf4 35. Ke2 Rc4 36. Rb1 Rxc3 37. Rxb6 Ra3 38. h5 Kf6 39. Rb7 Ra2+ 40. Ke3 Ra3+ 41. Kf2 Ra2+ 42. Kg3 Ra3 43. Rd7 Rb3 44. Kf4 Rb4+ 45. Ke3 Rb3+ 46. Ke4 Rb4+ 47. Rd4 Rb3 48. Ra4 Rc3 49. Kf4 Rb3 50. Kg3 Rc3 51. Rf4+ Ke7 52. Kh4 Rc1 53. Re4 Kf6 54. f4 Rh1+ 55. Kg3 Rg1+ 56. Kf3 Rf1+ 57. Kg2 Ra1 58. Rb4 Ra3 59. Rb5 Kf7 60. g5 hxg5 61. fxg5 Rd3 62. Rb7+ Kf8 63. Rb8+ Kf7 64. Rb7+ Kf8 1/2-1/2

[Event "CZE-chT1W 1718"]
[Site "Czech Republic"]
[Date "2018.02.04"]
[Round "7.2"]
[White "Ringel, Zbynek"]
[Black "Vrana, Jan"]
[Result "1/2-1/2"]
[WhiteElo "2256"]
[BlackElo "2299"]
[PlyCount "56"]
[EventDate "2017.10.29"]
[EventType "team-tourn"]
[EventRounds "11"]
[EventCountry "CZE"]
[SourceTitle "EXT 2019"]
[Source "ChessBase"]
[SourceDate "2018.10.10"]
[SourceVersion "1"]
[SourceVersionDate "2018.10.10"]
[SourceQuality "1"]
[WhiteTeam "Hradec Kralove Slavia"]
[BlackTeam "Polabiny II"]
[WhiteTeamCountry "CZE"]
[BlackTeamCountry "CZE"]

1. e4 e5 2. Nf3 Nc6 3. Bb5 a6 4. Ba4 d6 5. 0-0 Bd7 6. c3 Nge7 7. d4 Ng6 8. Nbd2 Be7 9. Re1 0-0 10. Nf1 Nh4 11. Nxh4 Bxh4 12. Ne3 Bg5 13. Nd5 Bxc1 14. Rxc1 b5 15. Bc2 Ne7 16. Qd2 c6 17. Ne3 Be6 18. a3 Qc7 19. Nf5 Rad8 20. Nxe7+ Qxe7 21. a4 c5 22. axb5 axb5 23. d5 Bd7 24. Ra1 Ra8 25. b4 cxb4 26. cxb4 Qd8 27. Bd3 Qb6 28. Bf1 h6 1/2-1/2

[Event "CZE-chT1W 1718"]
[Site "Czech Republic"]
[Date "2018.01.07"]
[Round "5.1"]
[White "Vlasak, Lukas"]
[Black "Vrana, Jan"]
[Result "1/2-1/2"]
[WhiteElo "2351"]
[BlackElo "2299"]
[PlyCount "91"]
[EventDate "2017.10.29"]
[EventType "team-tourn"]
[EventRounds "11"]
[EventCountry "CZE"]
[SourceTitle "EXT 2019"]
[Source "ChessBase"]
[SourceDate "2018.10.10"]
[SourceVersion "1"]
[SourceVersionDate "2018.10.10"]
[SourceQuality "1"]
[WhiteTeam "Vysehrad"]
[BlackTeam "Polabiny II"]
[WhiteTeamCountry "CZE"]
[BlackTeamCountry "CZE"]

1. e4 e5 2. Nf3 Nf6 3. Nxe5 d6 4. Nf3 Nxe4 5. Nc3 Nxc3 6. dxc3 Be7 7. Bf4 0-0 8. Qd2 Nd7 9. 0-0-0 Nc5 10. Be3 Bf6 11. Bxc5 dxc5 12. Qf4 Qe7 13. Bc4 Be6 14. Rhe1 Rfe8 15. Bxe6 fxe6 16. Qe4 c6 17. Rd3 Rad8 18. Red1 Rd5 19. c4 Rxd3 20. Rxd3 Qf7 21. c3 h6 22. Kc2 Qc7 23. h4 Kf7 24. g4 Rd8 25. g5 Rxd3 26. Qxd3 hxg5 27. hxg5 Be5 28. Qe4 Bf4 29. Qh7 Qd6 30. Qh5+ Ke7 31. Qg6 Kf8 32. Qd3 Kf7 33. Qe4 g6 34. Qd3 Qxd3+ 35. Kxd3 e5 36. Ke4 Ke6 37. Ne1 Bxg5 38. Nd3 Be7 39. Nxe5 g5 40. Nd3 Bd6 41. f3 b6 42. Nf2 Bf8 43. Nd3 Bd6 44. a4 a5 45. b3 Kf6 46. Nc1 1/2-1/2

[Event "CZE-chT1W 1718"]
[Site "Czech Republic"]
[Date "2017.12.10"]
[Round "4.6"]
[White "Vokac, Marek"]
[Black "Vrana, Jan"]
[Result "0-1"]
[WhiteElo "2394"]
[BlackElo "2299"]
[PlyCount "98"]
[EventDate "2017.10.29"]
[EventType "team-tourn"]
[EventRounds "11"]
[EventCountry "CZE"]
[SourceTitle "EXT 2019"]
[Source "ChessBase"]
[SourceDate "2018.10.10"]
[SourceVersion "1"]
[SourceVersionDate "2018.10.10"]
[SourceQuality "1"]
[WhiteTeam "Ceske Budejovice"]
[BlackTeam "Polabiny II"]
[WhiteTeamCountry "CZE"]
[BlackTeamCountry "CZE"]

1. Nf3 Nf6 2. c4 e6 3. g3 d5 4. Bg2 dxc4 5. 0-0 Nbd7 6. Qa4 a6 7. Qxc4 c5 8. b3 b5 9. Qc2 Bb7 10. Bb2 Be7 11. a4 0-0 12. Na3 Qb6 13. d3 Nd5 14. Qd2 Rfd8 15. axb5 axb5 16. Nc2 Bf6 17. Bxf6 N7xf6 18. e4 Ne7 19. Qe3 Nc6 20. b4 Nd7 21. Rxa8 Bxa8 22. Rb1 cxb4 23. Qxb6 Nxb6 24. Bf1 Na4 25. Nxb4 Nc3 26. Nxc6 Bxc6 27. Rb3 Na4 28. Ne5 Be8 29. f4 f6 30. Nf3 Kf7 31. d4 Rb8 32. Kf2 b4 33. Bc4 Nc3 34. f5 Ba4 35. Ke3 Bxb3 36. Bxb3 Ke7 37. fxe6 Nb5 38. Nd2 Rc8 39. Nc4 Nd6 40. Kd3 Nxc4 41. Bxc4 Kd6 42. g4 Ra8 43. Bb3 Ra1 44. g5 Rh1 45. gxf6 gxf6 46. Kc4 Rxh2 47. Kxb4 h5 48. Bd5 Rc2 49. Kb3 Rc7 0-1

[Event "CZE-chT1W 1718"]
[Site "Czech Republic"]
[Date "2017.11.12"]
[Round "2.5"]
[White "Trichkov, Vasil"]
[Black "Vrana, Jan"]
[Result "1/2-1/2"]
[WhiteElo "2314"]
[BlackElo "2299"]
[PlyCount "117"]
[EventDate "2017.10.29"]
[EventType "team-tourn"]
[EventRounds "11"]
[EventCountry "CZE"]
[SourceTitle "EXT 2019"]
[Source "ChessBase"]
[SourceDate "2018.10.10"]
[SourceVersion "1"]
[SourceVersionDate "2018.10.10"]
[SourceQuality "1"]
[WhiteTeam "Praha Bohemians"]
[BlackTeam "Polabiny II"]
[WhiteTeamCountry "CZE"]
[BlackTeamCountry "CZE"]

1. d4 Nf6 2. Nf3 e6 3. g3 d5 4. Bg2 b5 5. a4 b4 6. c4 bxc3 7. Nxc3 Be7 8. 0-0 0-0 9. Bf4 Na6 10. Rc1 c5 11. dxc5 Bxc5 12. Ne5 Bb7 13. Qb3 Qb6 14. Qxb6 axb6 15. Nd3 Rfc8 16. Nxc5 Nxc5 17. Be3 Nxa4 18. Nxa4 Rxa4 19. b3 Ra3 20. Rxc8+ Bxc8 21. b4 Ba6 22. Rc1 Nd7 23. b5 Bxb5 24. Rc8+ Nf8 25. Bf3 Bd7 26. Rc7 b5 27. Bf4 Ra8 28. e4 dxe4 29. Bxe4 Rc8 30. Rb7 Bc6 31. Bxc6 Rxc6 32. Bd2 Rc8 33. Bb4 Ng6 34. h4 h6 35. Rxb5 Rc1+ 36. Kg2 Rb1 37. h5 Ne7 38. Rb8+ Kh7 39. Bd6 Rxb8 40. Bxb8 f5 41. f3 Kg8 42. g4 Kf7 43. Bd6 Nc6 44. Kg3 Kf6 45. Ba3 fxg4 46. fxg4 e5 47. Kf3 Nd4+ 48. Ke4 Ne6 49. Bb2 Ng5+ 50. Kd5 Nf7 51. Bc1 Ng5 52. Bb2 Nf3 53. Ke4 Ng5+ 54. Kd5 Nf7 55. Bc1 g6 56. hxg6 Kxg6 57. Ke6 e4 58. Kd5 Ng5 59. Ke5 1/2-1/2

[Event "CZE-chT1W 1516"]
[Site "Czech Republic"]
[Date "2016.02.28"]
[Round "9.2"]
[White "Vrana, Jan"]
[Black "Vichnar, David"]
[Result "1/2-1/2"]
[WhiteElo "2331"]
[BlackElo "2379"]
[PlyCount "67"]
[EventDate "2015.10.11"]
[EventType "team-tourn"]
[EventRounds "11"]
[EventCountry "CZE"]
[SourceTitle "EXT 2017"]
[Source "ChessBase"]
[SourceDate "2016.10.25"]
[SourceVersion "1"]
[SourceVersionDate "2016.10.25"]
[SourceQuality "1"]
[WhiteTeam "Novoborsky II"]
[BlackTeam "Praha Vysehrad"]
[WhiteTeamCountry "CZE"]
[BlackTeamCountry "CZE"]

1. e4 c5 2. c3 Nf6 3. e5 Nd5 4. d4 cxd4 5. cxd4 Nc6 6. Nc3 Nxc3 7. bxc3 d6 8. Nf3 e6 9. Bd3 dxe5 10. dxe5 Qa5 11. 0-0 Nxe5 12. Nxe5 Qxe5 13. Re1 Qc7 14. Qg4 Bd7 15. Bf4 Bd6 16. Bxd6 Qxd6 17. Qxg7 0-0-0 18. Be4 f5 19. Bf3 Bc6 20. Bxc6 Qxc6 21. Qe5 Rhe8 22. Rad1 Rd7 23. g3 h5 24. Qf6 Rxd1 25. Rxd1 Qe4 26. Qg5 h4 27. Qxh4 Qxh4 28. gxh4 Rg8+ 29. Kf1 Rg4 30. Rd4 f4 31. f3 Rxh4 32. Kg2 Kc7 33. Ra4 a6 34. Re4 1/2-1/2